Strategic Management : Formulation, Implementation and Control. (Record no. 3839)

MARC details
005 - DATE AND TIME OF LATEST TRANSACTION
control field 20250612104537.0
020 ## - INTERNATIONAL STANDARD BOOK NUMBER
International Standard Book Number 978-007-126375-7
082 ## - DEWEY DECIMAL CLASSIFICATION NUMBER
Classification number LECT 658.401 PEA
100 ## - MAIN ENTRY--PERSONAL NAME
Author name PEARCE II, J. A.
245 ## - TITLE STATEMENT
Title Strategic Management : Formulation, Implementation and Control.
250 ## - EDITION STATEMENT
Edition statement 11th Ed.
260 ## - PUBLICATION, DISTRIBUTION, ETC.
Place of publication, distribution, etc. New York,
Name of publisher, distributor, etc. McGraw-Hill,
Date of publication, distribution, etc. 2009.
300 ## - PHYSICAL DESCRIPTION
Extent xxv, 866p.: ill.; chart, figure, table
Other physical details Glossary & Index
Dimensions 25cm.
700 ## - ADDED ENTRY--PERSONAL NAME
Other authors/Editors ROBINSON, R. B.
942 ## - ADDED ENTRY ELEMENTS (KOHA)
Source of classification or shelving scheme Dewey Decimal Classification
Koha item type Books
Holdings
Date last seen Total checkouts Full call number Barcode Cost, replacement price Price effective from Koha item type Lost status Source of classification or shelving scheme Damaged status Not for loan Withdrawn status Home library Current library Shelving location Date acquired Cost, normal purchase price
06/12/2025   LECT 658.401 PEA 00000012687 156000.00 06/12/2025 Books   Dewey Decimal Classification       College of Business Education Main Library College of Business Education Main Library General Collection 10/27/2009 52000.00
06/12/2025   LECT 658.401 PEA 00000012688 156000.00 06/12/2025 Books   Dewey Decimal Classification       College of Business Education Main Library College of Business Education Main Library General Collection 10/27/2009 52000.00